O cão das lunetas (Registo nº 4183)

Detalhes MARC
000 -Etiqueta do registo
Cabeçalho 00795nam0a2200265 4500
005 - Identificador da versão
Campo de controlo 20240813122054.0
010 ## - Número internacional normalizado dos livros (ISBN)
Número (ISBN) 9724307840
021 ## - Número do Depósito Legal
Código do país PT
Número 202817/03
100 ## - Dados gerais de processamento
Dados gerais de processamento 20170113d2004 c y0pory5003 ba
102 ## - Pais de publicação ou produção
País de publicação Portugal
101 1# - Língua de publicação
Língua do texto, banda sonora, etc. Português
Língua do documento no original Inglês
215 ## - Descrição física 
Indicação específica da natureza do documento e extensão da espécie [36] p.
Outras indicações físicas muito il. color
200 1# - Titulo e menção de responsabilidade
Título próprio O cão das lunetas
Informação de outro título e os artistas da quinta da Rute
Primeira menção de responsabilidade Emily Horn
Outras menções de responsabilidade il. Ursula Bucher
210 ## - Publicação, Distribuição, etc. 
Lugar da edição, distribuição, etc. Porto
Nome do editor, distribuidor, etc. Ambar
Data da publicação, distribuição, etc. D. L. 2004
300 ## - Notas gerais 
Texto da nota PNL
606 ## - Nome comum usado como assunto
Número de registo de entrada de autoridade 0001618
Palavra de ordem Literatura australiana em língua inglesa
Subdivisão de assunto Conto
Código do sistema CA
675 ## - Classificação Decimal Universal (CDU)
Notação 821.111(94)-34
Edição 3ª ed.
Língua da edição por
702 #1 - Nome de autor-pessoa física (responsabilidade secundária)
Número de registo de entrada de autoridade 0000826
Palavra de ordem Bucher
Outra parte do nome não tomada para palavra de ordem Ursula
Código de função Ilustrador / Técnico de desenho computorizado
Número de registo de entrada de autoridade 0000827
Palavra de ordem Slotboom
Outra parte do nome não tomada para palavra de ordem Sofia
Código de função Tradutor
700 #1 - Nome de autor-pessoa física (responsabilidade principal)
Número de registo de entrada de autoridade 0000825
Palavra de ordem Horn
Outra parte do nome não tomada para palavra de ordem Emily
966 ## - Identificação da Biblioteca
Sigla EBVEN
942 ## - Elementos de entrada adicionados (Koha)
Tipo de item no Koha Livro
Exemplares
Situação do levantamento Origin of item (home branch) (coded) Biblioteca de empréstimo Código de barras Cota Circulation type (not for loan) Tipo de documento Nota do exemplar Damaged status
  Biblioteca Escolar das Vendas Biblioteca Escolar das Vendas BEV941 8EST HOR PNL   Livro Sem mensagem